000 00290nam a22001337a 4500
008 170529b xxu||||| |||| 00| 0 eng d
020 _a0262080524
041 _aeng
080 _a621.38
100 _a27
101 _aIM
245 _aNEW ENERGY TECHNOLOGY
_cHOTTEL,H.C
942 _2udc
_cBK
999 _c14862
_d14862